00457nam a22001217a 4500008004100000020001800041082001900059100003400078245014500112260003200257300002800289650001800317200325b ||||| |||| 00| 0 eng d a9976 60 455 6 a338.996 78 GLO aMsambichaka, Lucian A. (Ed).- aGlobalization and Challenges for Development in Tanzania/cEdited by Lucian A. Msambichaka, Natu E. Mwamba, Oswald J. Mashindano.-hEnglish. aDar Es Salaam:bDUP,c2006. aIV, 585P;bill;c23cm.- 2GLOBALIZATION